<?xml version="1.0" encoding="UTF-8"?>
<record
    xmlns:xsi="http://www.w3.org/2001/XMLSchema-instance"
    xsi:schemaLocation="http://www.loc.gov/MARC21/slim http://www.loc.gov/standards/marcxml/schema/MARC21slim.xsd"
    xmlns="http://www.loc.gov/MARC21/slim">

  <leader>00408nam a2200157   4500</leader>
  <controlfield tag="003">SEACOMEC</controlfield>
  <controlfield tag="005">20250501134003.0</controlfield>
  <controlfield tag="008">250501b        |||||||| |||| 00| 0 eng d</controlfield>
  <datafield tag="020" ind1=" " ind2=" ">
    <subfield code="a">978-9332509870</subfield>
    <subfield code="c">485.00</subfield>
  </datafield>
  <datafield tag="040" ind1=" " ind2=" ">
    <subfield code="a">SEACOMEC</subfield>
  </datafield>
  <datafield tag="082" ind1=" " ind2=" ">
    <subfield code="a">510.002462</subfield>
    <subfield code="b">R165</subfield>
  </datafield>
  <datafield tag="100" ind1=" " ind2=" ">
    <subfield code="a">Ram , Babu </subfield>
  </datafield>
  <datafield tag="245" ind1=" " ind2=" ">
    <subfield code="a">Engineering Mathematics/ </subfield>
    <subfield code="c">Babu Ram </subfield>
  </datafield>
  <datafield tag="260" ind1=" " ind2=" ">
    <subfield code="a">New Delhi:</subfield>
    <subfield code="b">Pearson Education,</subfield>
    <subfield code="c">2010</subfield>
  </datafield>
  <datafield tag="942" ind1=" " ind2=" ">
    <subfield code="c">BOOK</subfield>
  </datafield>
  <datafield tag="952" ind1=" " ind2=" ">
    <subfield code="0">0</subfield>
    <subfield code="1">0</subfield>
    <subfield code="2">ddc</subfield>
    <subfield code="4">0</subfield>
    <subfield code="7">0</subfield>
    <subfield code="a">SEACOMEC</subfield>
    <subfield code="b">SEACOMEC</subfield>
    <subfield code="d">2010-09-21</subfield>
    <subfield code="l">0</subfield>
    <subfield code="o">510.002462 R165</subfield>
    <subfield code="p">17054</subfield>
    <subfield code="r">2025-05-01 13:40:32</subfield>
    <subfield code="w">2025-05-01</subfield>
    <subfield code="y">REF</subfield>
  </datafield>
  <datafield tag="952" ind1=" " ind2=" ">
    <subfield code="0">0</subfield>
    <subfield code="1">0</subfield>
    <subfield code="2">ddc</subfield>
    <subfield code="4">0</subfield>
    <subfield code="7">0</subfield>
    <subfield code="a">SEACOMEC</subfield>
    <subfield code="b">SEACOMEC</subfield>
    <subfield code="d">2010-09-21</subfield>
    <subfield code="l">0</subfield>
    <subfield code="o">510.002462 R165</subfield>
    <subfield code="p">17055</subfield>
    <subfield code="r">2025-05-01 13:40:32</subfield>
    <subfield code="t">1</subfield>
    <subfield code="w">2025-05-01</subfield>
    <subfield code="y">BOOK</subfield>
  </datafield>
  <datafield tag="952" ind1=" " ind2=" ">
    <subfield code="0">0</subfield>
    <subfield code="1">0</subfield>
    <subfield code="2">ddc</subfield>
    <subfield code="4">0</subfield>
    <subfield code="7">0</subfield>
    <subfield code="a">SEACOMEC</subfield>
    <subfield code="b">SEACOMEC</subfield>
    <subfield code="d">2010-09-21</subfield>
    <subfield code="l">0</subfield>
    <subfield code="o">510.002462 R165</subfield>
    <subfield code="p">17056</subfield>
    <subfield code="r">2025-05-01 13:40:32</subfield>
    <subfield code="t">2</subfield>
    <subfield code="w">2025-05-01</subfield>
    <subfield code="y">BOOK</subfield>
  </datafield>
  <datafield tag="952" ind1=" " ind2=" ">
    <subfield code="0">0</subfield>
    <subfield code="1">0</subfield>
    <subfield code="2">ddc</subfield>
    <subfield code="4">0</subfield>
    <subfield code="7">0</subfield>
    <subfield code="a">SEACOMEC</subfield>
    <subfield code="b">SEACOMEC</subfield>
    <subfield code="d">2010-09-21</subfield>
    <subfield code="l">0</subfield>
    <subfield code="o">510.002462 R165</subfield>
    <subfield code="p">17057</subfield>
    <subfield code="r">2025-05-01 13:40:32</subfield>
    <subfield code="t">3</subfield>
    <subfield code="w">2025-05-01</subfield>
    <subfield code="y">BOOK</subfield>
  </datafield>
  <datafield tag="952" ind1=" " ind2=" ">
    <subfield code="0">0</subfield>
    <subfield code="1">0</subfield>
    <subfield code="2">ddc</subfield>
    <subfield code="4">0</subfield>
    <subfield code="7">0</subfield>
    <subfield code="a">SEACOMEC</subfield>
    <subfield code="b">SEACOMEC</subfield>
    <subfield code="d">2010-11-19</subfield>
    <subfield code="l">0</subfield>
    <subfield code="o">510.002462 R165</subfield>
    <subfield code="p">17797</subfield>
    <subfield code="r">2025-05-01 13:42:28</subfield>
    <subfield code="t">4</subfield>
    <subfield code="w">2025-05-01</subfield>
    <subfield code="y">BOOK</subfield>
  </datafield>
  <datafield tag="999" ind1=" " ind2=" ">
    <subfield code="c">2253</subfield>
    <subfield code="d">2253</subfield>
  </datafield>
</record>
